000 00841nam a2200241Ia 4500
005 20150128110740.0
010 _aBAC-EN21 ENG-111565
020 _a9788131523797 (v.1)
_c525.00
020 _a8131523799 (v.1)
_c525.00
035 _aB-586284-315
035 _aEN-95097
037 _bAsian Book Centre/Ven
_adpl
037 _bDBAD/PUB
082 _a530
100 _aSingh,C.P.
245 _aPhysics for AIPMT (All India pre-medical test) /
_cby C.P. Singh
260 _c2014
_aDelhi
_bCengage Learning
270 _a418, F.I.E., Patparganj
_bDelhi
_e110092
300 _c28cm(pbk)
_aV.1(viii,561p.) :
_bill.
490 _aCengage Learning's exam crack series
942 _cEN
_2ddc
_mSIN
_h530
999 _c87976
_d87976